[Event "Forni di Sopra 16th"]
[Site "Forni di Sopra"]
[Date "2025.06.09"]
[Round "3"]
[White "Basso, Lorenzo"]
[Black "Bellotto, Adriano"]
[Result "1-0"]
[WhiteElo "1918"]
[BlackElo "1457"]
[PlyCount "77"]
[EventDate "2025.06.07"]
[EventType "swiss"]
[EventRounds "9"]
[EventCountry "ITA"]
[SourceTitle "CB26_2025"]
[SourceDate "2025.06.25"]
[SourceVersion "1"]
[SourceVersionDate "2025.06.25"]
[SourceQuality "1"]

1. e4 e5 2. Nf3 d6 3. d4 exd4 4. Nxd4 Be7 5. Bc4 Nf6 6. Nc3 c6 7. 0-0 Nbd7 8. Nf5 0-0 9. Nxd6 Bxd6 10. Qxd6 Nb6 11. Qxd8 Rxd8 12. Bd3 h6 13. Be3 Nbd7 14. a4 Re8 15. b4 Ne5 16. b5 Be6 17. Bf4 Ng6 18. Bg3 Nh5 19. Rfe1 Nxg3 20. hxg3 Ne7 21. bxc6 Nxc6 22. Nd5 Rac8 23. Reb1 b6 24. Bb5 Red8 25. Bxc6 Rxc6 26. Ne7+ Kf8 27. Nxc6 Ra8 28. a5 b5 29. Nd4 Bc4 30. Nxb5 a6 31. Nd6 Be6 32. Rb6 Ke7 33. Nb7 Bc4 34. Ra4 Bb5 35. Rd4 f6 36. Rdd6 Kf8 37. Nc5 Rc8 38. Nxa6 Rxc2 39. Rxb5 1-0

[Event "Napoli Spring Cup 1st"]
[Site "Napoli"]
[Date "2017.04.06"]
[Round "5"]
[White "Basso, Lorenzo"]
[Black "Gatto, Lucio"]
[Result "0-1"]
[WhiteElo "1895"]
[BlackElo "2071"]
[PlyCount "66"]
[EventDate "2017.03.09"]
[EventType "swiss"]
[EventRounds "6"]
[EventCountry "ITA"]
[SourceTitle "EXT 2018"]
[Source "ChessBase"]
[SourceDate "2017.10.13"]
[SourceVersion "1"]
[SourceVersionDate "2017.10.13"]
[SourceQuality "1"]

1. d4 d5 2. Bg5 Nf6 3. Bxf6 exf6 4. e3 Bd6 5. c4 dxc4 6. Bxc4 0-0 7. Nf3 Nd7 8. Nc3 f5 9. 0-0 Nf6 10. Rc1 a6 11. a3 b5 12. Ba2 Bb7 13. b4 Qe7 14. Re1 Rad8 15. Bb1 Ne4 16. Nxe4 fxe4 17. Nd2 f5 18. g3 Qg5 19. Nb3 Bd5 20. Nc5 h5 21. h4 Qg6 22. Qd2 Be7 23. Kh2 Bxh4 24. gxh4 Qg4 25. Rg1 Qxh4+ 26. Kg2 f4 27. Bxe4 f3+ 28. Kf1 Bxe4 29. Ne6 Qh3+ 30. Ke1 Qxe6 31. Rxc7 Rf7 32. Qc3 Qa2 33. Rg5 Qe2# 0-1

[Event "Napoli Primavera al Vomero op"]
[Site "Napoli"]
[Date "2016.06.09"]
[Round "5"]
[White "Ficco, Corrado"]
[Black "Basso, Lorenzo"]
[Result "1-0"]
[WhiteElo "2025"]
[BlackElo "1909"]
[PlyCount "109"]
[EventDate "2016.05.05"]
[EventType "swiss"]
[EventRounds "6"]
[EventCountry "ITA"]
[SourceTitle "EXT 2018"]
[Source "ChessBase"]
[SourceDate "2017.10.13"]
[SourceVersion "1"]
[SourceVersionDate "2017.10.13"]
[SourceQuality "1"]

1. e4 g6 2. d4 Bg7 3. Nc3 c6 4. Nf3 d5 5. h3 Nh6 6. Be2 0-0 7. 0-0 f6 8. Bf4 a6 9. a4 Nf7 10. Bh2 Re8 11. Re1 e5 12. dxe5 fxe5 13. Bd3 d4 14. Ne2 Be6 15. c3 c5 16. cxd4 cxd4 17. Nd2 Nc6 18. f4 Nb4 19. Nf3 Nxd3 20. Qxd3 Qa5 21. Nxe5 Nxe5 22. fxe5 Rad8 23. Nf4 Bxe5 24. Nxe6 Bxh2+ 25. Kxh2 Rxe6 26. Kh1 Qb4 27. b3 Rc8 28. Rec1 Rc3 29. Rxc3 dxc3 30. Rc1 Rxe4 31. Rxc3 Re1+ 32. Kh2 Qf4+ 33. Qg3 Qxg3+ 34. Kxg3 Re7 35. Kf4 Kg7 36. g4 h6 37. Rd3 Kf6 38. Rd6+ Kf7 39. h4 Rc7 40. h5 g5+ 41. Ke4 Kg7 42. Rg6+ Kh7 43. Rb6 Kg7 44. Kd5 Rf7 45. Rg6+ Kh7 46. Re6 Rd7+ 47. Rd6 Rc7 48. b4 Kg7 49. Ke6 Rc4 50. Rd7+ Kg8 51. Rxb7 Rxg4 52. b5 axb5 53. a5 Re4+ 54. Kd5 Re8 55. a6 1-0

[Event "Napoli Primavera al Vomero op"]
[Site "Napoli"]
[Date "2016.05.12"]
[Round "2"]
[White "Basso, Lorenzo"]
[Black "Ghiani, Marco"]
[Result "1-0"]
[WhiteElo "1909"]
[BlackElo "1736"]
[PlyCount "61"]
[EventDate "2016.05.05"]
[EventType "swiss"]
[EventRounds "6"]
[EventCountry "ITA"]
[SourceTitle "EXT 2018"]
[Source "ChessBase"]
[SourceDate "2017.10.13"]
[SourceVersion "1"]
[SourceVersionDate "2017.10.13"]
[SourceQuality "1"]

1. d4 Nf6 2. Bg5 d6 3. e3 Bf5 4. Bxf6 gxf6 5. Qf3 Qc8 6. Bd3 Bxd3 7. cxd3 Nd7 8. Nc3 c5 9. dxc5 Qxc5 10. d4 Qc6 11. e4 e6 12. Nge2 f5 13. Rc1 Bh6 14. 0-0 Bxc1 15. Rxc1 Ke7 16. Nd5+ exd5 17. Rxc6 fxe4 18. Qc3 bxc6 19. Qxc6 Nf6 20. Nf4 Rhc8 21. Qb7+ Ke8 22. g3 Rab8 23. Qa6 Rc1+ 24. Kg2 Rxb2 25. Qxd6 Rb6 26. Qe5+ Kd8 27. Nxd5 Re6 28. Qg5 Rcc6 29. Nxf6 Rxf6 30. Qd5+ Rcd6 31. Qxe4 1-0

[Event "ITA-ch U20 20th"]
[Site "Acqui Terme"]
[Date "2012.07.25"]
[Round "4"]
[White "Basso, Lorenzo"]
[Black "Caprio, Guido"]
[Result "0-1"]
[WhiteElo "1901"]
[BlackElo "2430"]
[PlyCount "54"]
[EventDate "2012.07.23"]
[EventType "swiss"]
[EventRounds "9"]
[EventCountry "ITA"]
[SourceTitle "EXT 2014"]
[Source "ChessBase"]
[SourceDate "2013.11.20"]
[SourceVersion "1"]
[SourceVersionDate "2013.11.20"]
[SourceQuality "1"]

1. d4 Nf6 2. c4 e6 3. g3 Bb4+ 4. Bd2 Qe7 5. Nf3 Nc6 6. Nc3 d5 7. Bg2 dxc4 8. a3 Bxc3 9. Bxc3 Nd5 10. e4 Nxc3 11. bxc3 Bd7 12. Nd2 Na5 13. 0-0 0-0 14. Qe2 c5 15. Qh5 Nb3 16. Rad1 cxd4 17. Nxb3 cxb3 18. Rxd4 e5 19. Rb4 g6 20. Qe2 Be6 21. c4 Rac8 22. Rc1 b5 23. c5 Rxc5 24. Rxc5 Qxc5 25. Rxb5 Bc4 26. Rxc5 Bxe2 27. Rc1 Bd3 0-1

[Event "Giugliano op 5th"]
[Site "Giugliano"]
[Date "2010.09.26"]
[Round "4"]
[White "Mazzarella, Antonio"]
[Black "Basso, Lorenzo"]
[Result "1/2-1/2"]
[WhiteElo "2040"]
[BlackElo "1898"]
[PlyCount "39"]
[EventDate "2010.09.24"]
[EventType "swiss"]
[EventRounds "5"]
[EventCountry "ITA"]
[SourceTitle "EXT 2024"]
[Source "ChessBase"]
[SourceDate "2023.10.10"]
[SourceVersion "1"]
[SourceVersionDate "2023.10.10"]
[SourceQuality "1"]

1. d4 Nf6 2. Nf3 g6 3. Nc3 Bg7 4. e4 d5 5. Bd3 c5 6. e5 Ne4 7. dxc5 Nxc3 8. bxc3 Bg4 9. Bb5+ Nc6 10. Qd4 Bxf3 11. gxf3 Rc8 12. Be3 0-0 13. Bxc6 Rxc6 14. 0-0 Qd7 15. Rad1 Qf5 16. Qxd5 Bxe5 17. Qe4 Qh5 18. f4 Bb8 19. Rd5 Qe2 20. Qd3 1/2-1/2

[Event "Giugliano op 5th"]
[Site "Giugliano"]
[Date "2010.09.25"]
[Round "3"]
[White "Seletsky, Grigory"]
[Black "Basso, Lorenzo"]
[Result "1-0"]
[WhiteElo "2295"]
[BlackElo "1898"]
[PlyCount "44"]
[EventDate "2010.09.24"]
[EventType "swiss"]
[EventRounds "5"]
[EventCountry "ITA"]
[SourceTitle "EXT 2024"]
[Source "ChessBase"]
[SourceDate "2023.10.10"]
[SourceVersion "1"]
[SourceVersionDate "2023.10.10"]
[SourceQuality "1"]

1. e4 g6 2. Bc4 Bg7 3. Nc3 c6 4. Qf3 Nh6 5. h4 d5 6. exd5 b5 7. Bb3 Bg4 8. Qf4 b4 9. Qxb4 c5 10. Qf4 0-0 11. d3 a5 12. f3 Bd7 13. h5 a4 14. Bc4 e5 15. Qd2 Nf5 16. hxg6 hxg6 17. Ne4 a3 18. bxa3 Na6 19. g4 Nh4 20. Qf2 f5 21. Ng5 Ng2+ 22. Qxg2 Bf6 1-0

[Event "Napoli Vomero Spring 7th"]
[Site "Napoli"]
[Date "2010.04.08"]
[Round "4"]
[White "Basso, Lorenzo"]
[Black "Pinto, Gaetano"]
[Result "1/2-1/2"]
[WhiteElo "1899"]
[BlackElo "2046"]
[PlyCount "94"]
[EventDate "2010.03.18"]
[EventType "swiss"]
[EventRounds "6"]
[EventCountry "ITA"]
[SourceTitle "EXT 2024"]
[Source "ChessBase"]
[SourceDate "2023.10.10"]
[SourceVersion "1"]
[SourceVersionDate "2023.10.10"]
[SourceQuality "1"]

1. d4 d6 2. Bg5 Nd7 3. Nf3 Ngf6 4. e3 c6 5. Nbd2 Qc7 6. Bd3 e5 7. c3 Be7 8. Qc2 b6 9. a4 a6 10. Bh4 Bb7 11. Bg3 b5 12. c4 b4 13. c5 Nh5 14. cxd6 Bxd6 15. dxe5 Nxe5 16. Bxe5 Bxe5 17. Bxh7 Nf6 18. Bf5 Bd6 19. 0-0-0 c5 20. Nc4 Be7 21. e4 g6 22. e5 Bxf3 23. gxf3 gxf5 24. exf6 Qf4+ 25. Kb1 Bxf6 26. Nd6+ Kf8 27. Qxc5 Be7 28. Qc6 Rd8 29. Nc8 Rxd1+ 30. Rxd1 Rh6 31. Qa8 Bg5 32. Nd6+ Kg7 33. Qd5 Re6 34. Nxf5+ Kh7 35. Qd3 Rf6 36. Ne7+ Kg7 37. Nd5 Qxh2 38. Nxf6 Bxf6 39. Qf1 Qe5 40. Rd2 b3 41. Qe2 Qa5 42. Rd6 Qxa4 43. Qxa6 Qf4 44. Qd3 Qe5 45. Qd2 Qf5+ 46. Qd3 Qe5 47. Qd2 Qf5+ 1/2-1/2

[Event "Napoli Vomero Winter 5th"]
[Site "Napoli"]
[Date "2010.02.11"]
[Round "5"]
[White "Basso, Lorenzo"]
[Black "Messina, Enrico"]
[Result "0-1"]
[WhiteElo "1899"]
[BlackElo "2122"]
[PlyCount "66"]
[EventDate "2010.01.14"]
[EventType "swiss"]
[EventRounds "7"]
[EventCountry "ITA"]
[SourceTitle "EXT 2024"]
[Source "ChessBase"]
[SourceDate "2023.10.10"]
[SourceVersion "1"]
[SourceVersionDate "2023.10.10"]
[SourceQuality "1"]

1. d4 c5 2. dxc5 Na6 3. Be3 e6 4. Nc3 Nf6 5. Nf3 Nxc5 6. g3 d5 7. Bg2 b5 8. a3 Na4 9. Nxa4 bxa4 10. c4 Qa5+ 11. Bd2 Qa6 12. cxd5 Nxd5 13. 0-0 Be7 14. Rc1 Bb7 15. Re1 0-0 16. e4 Nf6 17. Bf1 Qb6 18. Qxa4 Ng4 19. Qd4 Qb3 20. Bg2 Rfd8 21. Qc3 Qb6 22. Be3 Nxe3 23. Qxe3 Qxe3 24. Rxe3 Rac8 25. Rce1 g6 26. h4 h5 27. b4 Kg7 28. Ne5 Bf6 29. Nd3 Bd4 30. Rf3 f5 31. Nf4 Rd6 32. Rd3 e5 33. Nd5 fxe4 0-1

[Event "Napoli Vomero Winter 5th"]
[Site "Napoli"]
[Date "2010.02.04"]
[Round "4"]
[White "Gallo, Thomas Renato"]
[Black "Basso, Lorenzo"]
[Result "0-1"]
[WhiteElo "1889"]
[BlackElo "1899"]
[PlyCount "80"]
[EventDate "2010.01.14"]
[EventType "swiss"]
[EventRounds "7"]
[EventCountry "ITA"]
[SourceTitle "EXT 2024"]
[Source "ChessBase"]
[SourceDate "2023.10.10"]
[SourceVersion "1"]
[SourceVersionDate "2023.10.10"]
[SourceQuality "1"]

1. d4 Nf6 2. c4 c5 3. e3 g6 4. Nc3 Bg7 5. Nf3 0-0 6. Be2 e6 7. 0-0 Nc6 8. b3 cxd4 9. exd4 d5 10. Ne5 Ne7 11. c5 b6 12. b4 a5 13. b5 bxc5 14. f4 cxd4 15. Qxd4 Nd7 16. Ba3 Nxe5 17. fxe5 Qc7 18. Bxe7 Bxe5 19. Qc5 Qxc5+ 20. Bxc5 Bxc3 21. Rac1 d4 22. Rxc3 dxc3 23. Bxf8 Kxf8 24. Rc1 Bb7 25. Kf2 Rc8 26. a4 Bd5 27. Bd1 Ke7 28. g3 f5 29. Ke3 e5 30. h4 Kd6 31. g4 Rc4 32. Kd3 e4+ 33. Ke3 Ke5 34. gxf5 gxf5 35. Bb3 f4+ 36. Ke2 Rc8 37. Bc2 Rg8 38. Kf2 e3+ 39. Kf1 f3 40. Bxh7 Bc4+ 0-1

[Event "Napoli Vomero Winter 5th"]
[Site "Napoli"]
[Date "2010.01.28"]
[Round "3"]
[White "Basso, Lorenzo"]
[Black "De Rosa, Francesco"]
[Result "0-1"]
[WhiteElo "1899"]
[BlackElo "1979"]
[PlyCount "70"]
[EventDate "2010.01.14"]
[EventType "swiss"]
[EventRounds "7"]
[EventCountry "ITA"]
[SourceTitle "EXT 2024"]
[Source "ChessBase"]
[SourceDate "2023.10.10"]
[SourceVersion "1"]
[SourceVersionDate "2023.10.10"]
[SourceQuality "1"]

1. d4 Nf6 2. Bg5 g6 3. Bxf6 exf6 4. e3 Bg7 5. Ne2 0-0 6. Nf4 f5 7. Bc4 Nc6 8. a3 b6 9. Nc3 Bb7 10. h4 Re8 11. h5 g5 12. h6 Bxd4 13. Nfd5 Bh8 14. Qh5 Ne5 15. Bb3 c6 16. Nb4 d5 17. 0-0-0 Ng4 18. Ncxd5 cxd5 19. Nxd5 Bxd5 20. Rxd5 Qf6 21. c3 Rac8 22. Bc2 Re5 23. Rd7 Rec5 24. Rhd1 R5c6 25. R1d5 Nxh6 26. g4 fxg4 27. Rxa7 Rxc3 28. Qxg5+ Bg7 29. Qxf6 Rxc2+ 30. Kd1 Bxf6 31. Ra8 Rxa8 32. Kxc2 Ra5 33. Rd6 Rf5 34. Rxb6 Rxf2+ 35. Kd3 g3 0-1

[Event "Giugliano op 4th"]
[Site "Giugliano"]
[Date "2009.09.20"]
[Round "6"]
[White "Basso, Lorenzo"]
[Black "Antignani, Luigi"]
[Result "1-0"]
[WhiteElo "1826"]
[BlackElo "1985"]
[PlyCount "36"]
[EventDate "2009.09.18"]
[EventType "swiss"]
[EventRounds "6"]
[EventCountry "ITA"]
[SourceTitle "EXT 2012"]
[Source "ChessBase"]
[SourceDate "2011.11.24"]
[SourceVersion "1"]
[SourceVersionDate "2011.11.24"]
[SourceQuality "1"]

1. d4 e6 2. Nf3 d5 3. c3 f5 4. Bf4 Nf6 5. h3 Be7 6. e3 0-0 7. Nbd2 b6 8. Bd3 Ne4 9. Ne5 Bb7 10. Ndf3 Nd7 11. g4 c5 12. gxf5 exf5 13. Rg1 cxd4 14. exd4 Bf6 15. Qe2 Rc8 16. 0-0-0 a5 17. Bb5 Nxe5 18. dxe5 Qc7 1-0

[Event "Giugliano op 4th"]
[Site "Giugliano"]
[Date "2009.09.20"]
[Round "5"]
[White "Seletsky, Grigory"]
[Black "Basso, Lorenzo"]
[Result "1-0"]
[WhiteElo "2319"]
[BlackElo "1826"]
[PlyCount "76"]
[EventDate "2009.09.18"]
[EventType "swiss"]
[EventRounds "6"]
[EventCountry "ITA"]
[SourceTitle "EXT 2012"]
[Source "ChessBase"]
[SourceDate "2011.11.24"]
[SourceVersion "1"]
[SourceVersionDate "2011.11.24"]
[SourceQuality "1"]

1. e4 g6 2. d4 Bg7 3. Nf3 c6 4. Nc3 d5 5. h3 Nh6 6. Bf4 f6 7. exd5 cxd5 8. Nb5 0-0 9. Nc7 e5 10. Bxh6 Qxc7 11. Bxg7 Kxg7 12. dxe5 fxe5 13. Qxd5 Nc6 14. Bd3 Bf5 15. Bxf5 Rxf5 16. 0-0 Rd8 17. Qc4 Qb6 18. c3 Rf4 19. Qe2 e4 20. Ng5 Re8 21. Kh1 h6 22. g3 Rf5 23. Nxe4 Ne5 24. f3 Nf7 25. Rae1 Ng5 26. h4 Nxe4 27. fxe4 Rxf1+ 28. Rxf1 Qe6 29. Re1 Qxa2 30. Qb5 Qe6 31. Qxb7+ Re7 32. Qb8 g5 33. hxg5 hxg5 34. Kg2 Kg6 35. Qb5 Rh7 36. Qf5+ Qxf5 37. exf5+ Kxf5 38. b4 Rd7 1-0

[Event "Umbria Regional-ch"]
[Site "Foligno"]
[Date "2009.06.06"]
[Round "4"]
[White "Romano, Claudio"]
[Black "Basso, Lorenzo"]
[Result "1/2-1/2"]
[WhiteElo "1572"]
[BlackElo "1811"]
[PlyCount "114"]
[EventDate "2009.06.05"]
[EventType "swiss"]
[EventRounds "6"]
[EventCountry "ITA"]
[SourceTitle "EXT 2011"]
[Source "ChessBase"]
[SourceDate "2010.11.26"]
[SourceVersion "1"]
[SourceVersionDate "2010.11.26"]
[SourceQuality "1"]

1. e4 g6 2. Nf3 Bg7 3. d4 c6 4. c4 d5 5. cxd5 cxd5 6. e5 Nh6 7. Bf4 Nc6 8. Nc3 Bg4 9. Qb3 Bxf3 10. gxf3 Nxd4 11. Qa4+ Nc6 12. Rd1 e6 13. Ne4 0-0 14. Bxh6 Bxh6 15. f4 Qh4 16. Nf6+ Kh8 17. Rd3 Qxf4 18. Qxf4 Bxf4 19. Rh3 h5 20. Nxh5 Bxe5 21. Nf6+ Kg7 22. Nd7 Rh8 23. Rb3 Bxh2 24. Rxb7 a5 25. Bg2 Ra7 26. Rxa7 Nxa7 27. Nc5 Nc6 28. Ke2 Rh5 29. Nd3 Kf8 30. Rc1 Nb4 31. Rc5 d4 32. Rxh5 gxh5 33. Nxb4 axb4 34. Kd3 Bg1 35. f3 Be3 36. Kc4 Ke7 37. Kxb4 d3 38. Kc3 d2 39. Kc2 Kd6 40. b4 Bf4 41. a4 Kc6 42. Bf1 Kb6 43. a5+ Kb7 44. b5 Be3 45. Kd1 f5 46. Bh3 h4 47. Ke2 Kc7 48. Kd1 Kd6 49. b6 Kc6 50. Ke2 Kb7 51. Kd1 Ka6 52. Ke2 Bf4 53. Kd1 Kxa5 54. b7 Kb4 55. b8Q+ Bxb8 56. Kxd2 Kc4 57. Ke3 Kd5 1/2-1/2

[Event "Tom Weston Major op"]
[Site "Wales"]
[Date "2008.03.24"]
[Round "6"]
[White "Garcia, Jason"]
[Black "Basso, Lorenzo"]
[Result "1-0"]
[WhiteElo "1976"]
[BlackElo "1792"]
[PlyCount "113"]
[EventDate "2008.03.21"]
[EventType "swiss"]
[EventRounds "7"]
[EventCountry "WLS"]
[SourceTitle "EXT 2010"]
[Source "ChessBase"]
[SourceDate "2010.11.25"]
[SourceVersion "1"]
[SourceVersionDate "2010.11.25"]
[SourceQuality "1"]

1. e4 g6 2. d4 c6 3. Nc3 d5 4. e5 h5 5. Bd3 Nh6 6. Nge2 Bg4 7. f3 Bf5 8. Be3 Bxd3 9. Qxd3 Nf5 10. Bf2 e6 11. 0-0-0 Na6 12. Ng3 Nb4 13. Qe2 Qa5 14. Kb1 b5 15. Nxf5 gxf5 16. g4 f4 17. g5 Be7 18. h4 Na6 19. Qd2 Bb4 20. Be1 Bxc3 21. Qxc3 Qc7 22. Bf2 Rc8 23. b4 Nb8 24. Qd2 Rg8 25. Qxf4 Rg6 26. Qe3 a5 27. a3 axb4 28. axb4 Nd7 29. Kb2 Nb6 30. Qe2 Ke7 31. f4 Ra8 32. Ra1 Rgg8 33. c3 Ra7 34. Rxa7 Qxa7 35. Ra1 Nc4+ 36. Kb1 Na3+ 37. Kc1 Qa4 38. Qd1 Ra8 39. Qxa4 Rxa4 40. Be1 Nc4 41. Rxa4 bxa4 42. Kc2 Kf8 43. Bd2 Kg7 44. Bc1 Kg6 45. Kb1 Kf5 46. Ka2 Kg4 47. Kb1 Kxh4 48. f5 Nxe5 49. dxe5 exf5 50. e6 fxe6 51. g6 Kg3 52. g7 h4 53. g8Q+ Kh2 54. Bf4+ Kh3 55. Qxe6 Kg4 56. Bc7 h3 57. Qg6+ 1-0

[Event "Tom Weston Major op"]
[Site "Wales"]
[Date "2008.03.21"]
[Round "1"]
[White "Howells, S Wyn"]
[Black "Basso, Lorenzo"]
[Result "0-1"]
[WhiteElo "1483"]
[BlackElo "1792"]
[PlyCount "142"]
[EventDate "2008.03.21"]
[EventType "swiss"]
[EventRounds "7"]
[EventCountry "WLS"]
[SourceTitle "EXT 2010"]
[Source "ChessBase"]
[SourceDate "2010.11.25"]
[SourceVersion "1"]
[SourceVersionDate "2010.11.25"]
[SourceQuality "1"]

1. d4 Nf6 2. Nf3 g6 3. Bf4 Bg7 4. e3 0-0 5. Bd3 c5 6. c3 Nc6 7. Nbd2 b6 8. 0-0 d6 9. Re1 Bb7 10. Qc2 Rc8 11. dxc5 Nd5 12. a3 Nxf4 13. exf4 bxc5 14. Qa4 Qb6 15. Rab1 a5 16. Qb5 Qc7 17. Nc4 Ra8 18. Nb6 Ba6 19. Nxa8 Rxa8 20. Qa4 Bxd3 21. Rbd1 c4 22. Re3 Rb8 23. Rd2 Rb6 24. Qd1 Qb7 25. Qc1 Rb3 26. Re1 Bxc3 27. Rxd3 Bxe1 28. Rxb3 Bxf2+ 29. Kxf2 cxb3 30. Qe3 Qa7 31. Ke2 Qxe3+ 32. Kxe3 a4 33. Kd3 Na5 34. Kc3 Nb7 35. Ne1 Nc5 36. g3 Kg7 37. Nf3 Kf6 38. Nd2 h5 39. Nc4 h4 40. Nb6 h3 41. Kb4 Nd3+ 42. Kxa4 Nxb2+ 43. Kxb3 Nd3 44. Nd5+ Ke6 45. Ne3 Kd7 46. a4 Kc6 47. Kc4 Nc5 48. a5 e6 49. Ng4 d5+ 50. Kb4 Nd3+ 51. Kc3 f5 52. Ne3 Nc5 53. Kb4 Nd3+ 54. Kc3 Nf2 55. Kb4 Ne4 56. Nf1 g5 57. fxg5 Nxg5 58. a6 Ne4 59. Ka5 d4 60. a7 Kb7 61. Kb4 d3 62. Kb3 Kxa7 63. Kb2 Kb6 64. Kc1 Kc5 65. Kd1 Kd4 66. Nd2 Nxd2 67. Kxd2 e5 68. Ke1 e4 69. Kd2 e3+ 70. Ke1 Ke4 71. Kf1 Kf3 0-1